[Event "CZE-ch U14"]
[Site "Harrachov"]
[Date "2024.11.02"]
[Round "9"]
[White "Stor, Jakub"]
[Black "Hujova, Tess"]
[Result "0-1"]
[WhiteElo "1551"]
[BlackElo "1652"]
[PlyCount "82"]
[EventDate "2024.10.26"]
[EventType "swiss"]
[EventRounds "9"]
[EventCountry "CZE"]
[SourceTitle "CB45_2024"]
[Source "ChessBase"]
[SourceDate "2024.11.06"]
[SourceVersion "1"]
[SourceVersionDate "2024.11.06"]
[SourceQuality "1"]

1. d4 f5 2. c4 Nf6 3. Nf3 g6 4. g3 Bg7 5. Bg2 0-0 6. 0-0 d6 7. Nc3 Qe8 8. d5 Bd7 9. Bf4 Na6 10. Rc1 c6 11. b3 Nc7 12. dxc6 Bxc6 13. Bg5 Rd8 14. Bxf6 Bxf6 15. Nd5 Nxd5 16. cxd5 Bb5 17. Nd4 Bxd4 18. Qxd4 b6 19. Rfe1 Rc8 20. e4 f4 21. Bh3 Bd7 22. Bxd7 Qxd7 23. e5 Rxc1 24. Rxc1 Qh3 25. Kh1 fxg3 26. fxg3 Rf1+ 27. Rxf1 Qxf1+ 28. Qg1 Qf3+ 29. Qg2 Qd1+ 30. Qg1 Qxd5+ 31. Qg2 Qxg2+ 32. Kxg2 dxe5 33. Kf3 Kf7 34. Ke4 Ke6 35. g4 g5 36. a3 a6 37. a4 a5 38. h3 h6 39. Ke3 Kd5 40. Kd3 e4+ 41. Ke3 Ke5 0-1